présidents après 1945 - Statistiques

Statistiques générales
  • Ce quiz a été pris 3 fois
  • Le résultat moyen est 8 sur 22
Statistiques - réponses
Nom Dates % Correct
Jimmy Carter 1977-1981
100%
Ronald Reagan 1981-1989
100%
George H. W. Bush 1989-1993
100%
Bill Clinton 1993-2001
100%
George W. Bush 2001-2009
100%
Harry S. Truman 1945-1953
67%
Dwight D. Eisenhower 1953-1961
67%
John Fitzgerald Kennedy 1961-1963
67%
Lyndon B. Johnson 1963-1969
67%
Richard Nixon 1969-1977
67%
Lénine 1917-1922
0%
Staline 1922-1953
0%
Nikita Khrouchtchev 1953-1964
0%
Leonid Brejnev 1964-1982
0%
Gerald Ford 1974-1977
0%
Iouri Andropov 1983-1984
0%
Kostantin Tchernenko 1984-1985
0%
Mikhaïl Gorbatchev 1985-1991
0%
Eltsine 1991-1999
0%
Vladimir Poutine 2000-2008
0%
Dmitri Medvedev 2008-2012
0%
Barack Obama 2009-2917
0%
Aucun quiz correspondant
Distribution des résultats
% des personnes avec chaque résultat
Percentile par nombre de réponses
Votre historique - résultats
Vous n’avez pas pris ce quiz